| 000 | 00512nam a22001577a 4500 | ||
|---|---|---|---|
| 005 | 20170111154834.0 | ||
| 008 | 170111b xxu||||| |||| 00| 0 eng d | ||
| 050 | _aDT3108.C542 2016 | ||
| 100 |
_aChisembele, Sophena _928269 |
||
| 245 |
_aZambia _bthe freedom struggle and the aftermath _cby Chisembele, Sophena |
||
| 260 |
_aDevon _bAxminster _c2016 |
||
| 300 |
_axvi, 337p.; _c23cm. |
||
| 650 |
_aZambia _xPolitics _y1964 _924549 |
||
| 650 |
_aZambia _xHistory _y1953- . _928270 |
||
| 942 |
_2lcc _cMONOGRAPH |
||
| 999 |
_c125955 _d125955 |
||